000 00768nam a2200229Ia 4500
003 GCL
008 140319s9999 xx 000 0 ara d
040 _aGCL /
_cGCL
082 0 4 _aق
_b726.1
_bهـ م
100 1 _aهيئة الاثار المصرية
245 1 0 _aمساجد ميدان صلاح الدين /
_cهيئة الاثار المصرية
260 _aالقاهرة :
_bهيئة الاثار المصرية ،
_c1986
300 _a44 + 25 ص:
_bايض، 25 لوحة ؛
_c24 سم
490 _aالقاهرة الاسلامية
_v0
650 0 4 _aمصر
650 0 4 _aتاريخ
650 0 4 _aالاثار الاسلامية
650 0 4 _aالمساجد
650 0 4 _aالقاهرة
650 0 4 _aميدان صلاح الدين
942 _2ddc
_cBK
999 _c36204
_d36204